书目信息 |
| 题名: |
弱者-不是女人的名字
|
|
| 作者: | 杰克 编著 | |
| 分册: | ||
| 出版信息: | 北京 农村读物出版社 1989.1 |
|
| 页数: | 125页 | |
| 开本: | 19cm | |
| 丛书名: | ||
| 单 册: | ||
| 中图分类: | C912.69 , G442.64 | |
| 科图分类: | ||
| 主题词: | 妇女学--通俗读物 , 教育心理学 | |
| 电子资源: | ||
| ISBN: | 7-5048-0788-9 | |
| 000 | 00867nam0 2200265 45 | |
| 001 | 0190013243 | |
| 005 | 20061108171221.57 | |
| 010 | @a7-5048-0788-9@dCNY1.60 | |
| 100 | @a19921222d1989 em y0chiy0121 ea | |
| 101 | 0 | @achi |
| 102 | @aCN@b110000 | |
| 105 | @ay z 000yy | |
| 106 | @ar | |
| 200 | 10 | @a弱者-不是女人的名字@ARUO ZHE - BU SHI NU“ REN DE MING ZI@f杰克编著@FJIE KE BIAN ZHU |
| 210 | @a北京@c农村读物出版社@d1989.1 | |
| 215 | @a125页@d19cm | |
| 330 | @a这本以广角度、新思想并参考了国内外、港台及国内相关资料而编写的书,叙述回答了妇女能否成为事业的强者这个问题。 | |
| 540 | 1 | @a弱者 不是 女人 名字@ARUO ZHE BU SHI NU“ REN MING ZI |
| 606 | @a妇女学@x通俗读物 | |
| 606 | 0 | @a教育心理学 |
| 690 | @aC912.69@v3 | |
| 690 | @aG442.64@v3 | |
| 701 | 0 | @a杰克@AJIE KE@4编著 |
| 801 | 0 | @aCN@bNLC@c20061108 |
| 905 | @f3@b275871-873@dG442.64@e64 | |
| 弱者-不是女人的名字/杰克编著.-北京:农村读物出版社,1989.1 |
| 125页;19cm |
| ISBN 7-5048-0788-9:CNY1.60 |
| 这本以广角度、新思想并参考了国内外、港台及国内相关资料而编写的书,叙述回答了妇女能否成为事业的强者这个问题。 |
| ● |
| 相关链接 |
|
|
|
|
正题名:弱者-不是女人的名字
索取号:G442.64/64
 
预约/预借
| 序号 | 登录号 | 条形码 | 馆藏地/架位号 | 状态 | 备注 |
| 1 | 0275871 | 000880979 | 密集书库/ [索取号:G442.64/64] | 在馆 | |
| 2 | 0275872 | 000881004 | 密集书库/ [索取号:G442.64/64] | 在馆 | |
| 3 | 0275873 | 000880988 | 密集书库/ [索取号:G442.64/64] | 在馆 | |
| 4 | 0275874 | 000880997 | 第一样本阅览室/ [索取号:G442.64/64] | 在馆 |